Fundamentals of Polymers (Record no. 30364)

MARC details
000 -LEADER
fixed length control field 00376nam a2200157Ia 4500
020 ## - INTERNATIONAL STANDARD BOOK NUMBER
ISBN 978-81-203-3877-7
100 ## - STATEMENT OF RESPONSIBILITY--MAIN AUTHOR NAME
Personal name Niranjan Karak
245 #0 - TITLE STATEMENT
Title Fundamentals of Polymers
260 ## - PUBLICATION, DISTRIBUTION, ETC. (IMPRINT)
Place of publication New Delhi
260 ## - PUBLICATION, DISTRIBUTION, ETC. (IMPRINT)
Name of publisher PHI Learning Private Limited
260 ## - PUBLICATION, DISTRIBUTION, ETC. (IMPRINT)
Year of publication 2009
300 ## - PHYSICAL DESCRIPTION
Number of Pages 290 p
942 ## - ADDED ENTRY ELEMENTS (KOHA)
Koha item type Books
Holdings
Withdrawn status Lost status Source of classification or shelving scheme Damaged status Not for loan Permanent Location Current Location Shelving location Date acquired Accession Number Price effective from Koha item type
    Library of Congress Classification     NILE UNIVERSITY OF NIGERIA - MAIN LIBRARY NILE UNIVERSITY OF NIGERIA - MAIN LIBRARY Items on shelf 04/23/2025 0001058 04/23/2025 Books